|
|
|
|
| LEADER |
01954nam a2200433 i 4500 |
| 001 |
EBC6408108 |
| 003 |
MiAaPQ |
| 005 |
20210512085509.0 |
| 006 |
m o d | |
| 007 |
cr cnu|||||||| |
| 008 |
210512s2020 dcu o 000 0 eng d |
| 020 |
|
|
|z 9781464815720
|q (print)
|
| 020 |
|
|
|z 9781464815737
|q (electronic bk.)
|
| 035 |
|
|
|a (MiAaPQ)EBC6408108
|
| 035 |
|
|
|a (Au-PeEL)EBL6408108
|
| 035 |
|
|
|a (OCoLC)1224365274
|
| 040 |
|
|
|a MiAaPQ
|b eng
|e rda
|e pn
|c MiAaPQ
|d MiAaPQ
|
| 043 |
|
|
|a cl-----
|a cc-----
|
| 050 |
|
4 |
|a HN110.5.A8
|b .B668 2020
|
| 082 |
0 |
|
|a 361.61098
|2 23
|
| 100 |
1 |
|
|a Bonvecchi, Alejandro,
|e author.
|
| 245 |
1 |
0 |
|a Who decides social policy? :
|b social networks and the political economy of social policy in Latin America and the Caribbean /
|c Alejandro Bonvecchi and Carlos Scartascini.
|
| 264 |
|
1 |
|a Washington, DC :
|b World Bank Group,
|c [2020]
|
| 264 |
|
4 |
|c 2020
|
| 300 |
|
|
|a 1 online resource (193 pages).
|
| 336 |
|
|
|a text
|b txt
|2 rdacontent
|
| 337 |
|
|
|a computer
|b c
|2 rdamedia
|
| 338 |
|
|
|a online resource
|b cr
|2 rdacarrier
|
| 490 |
1 |
|
|a Latin American development forum
|
| 588 |
|
|
|a Description based on print version record.
|
| 590 |
|
|
|a Electronic reproduction. Ann Arbor, MI : ProQuest, 2018. Available via World Wide Web. Access may be limited to ProQuest affiliated libraries.
|
| 651 |
|
0 |
|a Latin America
|x Social policy.
|
| 651 |
|
0 |
|a Caribbean Area
|x Social policy.
|
| 655 |
|
4 |
|a Electronic books.
|
| 700 |
1 |
|
|a Scartascini, Carlos,
|e author.
|
| 776 |
0 |
8 |
|i Print version:
|a Bonvecchi, Alejandro.
|t Who decides social policy? : social networks and the political economy of social policy in Latin America and the Caribbean.
|d Washington, DC : World Bank Group, c2020
|h 183 pages
|k Latin American development forum
|z 9781464815720
|
| 797 |
2 |
|
|a ProQuest (Firm)
|
| 830 |
|
0 |
|a Latin American development forum.
|
| 856 |
4 |
0 |
|u https://ebookcentral.proquest.com/lib/matrademy/detail.action?docID=6408108
|z Click to View
|